000 00495nam a22001817a 4500
005 20260203150254.0
008 260203b |||||||| |||| 00| 0 eng d
037 _cTB
040 _aCRL
_cCRL
084 _qCRL
100 _aSingh, Ramjee
_91113437
245 _aGandhi and the future of humanity
260 _aNew Delhi, India:
_bManak Publishers,
_c1997.
300 _a248 p.
365 _b650.00
_cINR
942 _2CC
_cTB
_n0
999 _c1678588
_d1678588